[Event "Rutas de Cuenca op 3rd"]
[Site "Cuenca"]
[Date "2016.06.17"]
[Round "1"]
[White "Gimeno Martos, Roberto"]
[Black "Vazquez Gonzalez, Jesus"]
[Result "0-1"]
[WhiteElo "2163"]
[BlackElo "1901"]
[PlyCount "82"]
[EventDate "2016.06.17"]
[EventType "swiss"]
[EventRounds "7"]
[EventCountry "ESP"]
[SourceTitle "EXT 2019"]
[Source "ChessBase"]
[SourceDate "2018.10.10"]
[SourceVersion "1"]
[SourceVersionDate "2018.10.10"]
[SourceQuality "1"]

1. Nf3 g6 2. g3 Bg7 3. Bg2 c5 4. e4 e5 5. 0-0 d6 6. c3 Nc6 7. Na3 Nge7 8. Nc2 f5 9. exf5 Nxf5 10. d4 0-0 11. dxc5 dxc5 12. Qe2 Nd6 13. Be3 b6 14. Ng5 Qe8 15. Rad1 Rf6 16. b4 cxb4 17. cxb4 Rb8 18. Rd2 h6 19. Ne4 Nxe4 20. Bxe4 Bh3 21. Rfd1 Kh7 22. Rd6 Nd4 23. R6xd4 exd4 24. Bxd4 Re6 25. f3 Bf5 26. Bxg7 Bxe4 27. Bb2 Bxc2 28. Qxc2 Re1+ 29. Rxe1 Qxe1+ 30. Kg2 Re8 31. Qb3 Re6 32. Kh3 h5 33. Qc2 Qxb4 34. Bc1 Qf8 35. Qd2 Rd6 36. Qe3 Qf5+ 37. Kg2 Re6 38. Qh6+ Kg8 39. Be3 Rc6 40. Bf2 Rc2 41. Qe3 Rxa2 0-1

[Event "Quart de Poblet op 3rd"]
[Site "Quart de Poblet"]
[Date "2015.07.19"]
[Round "4.4"]
[White "Gimeno Martos, Roberto"]
[Black "Buenafe Moya, Javier"]
[Result "0-1"]
[WhiteElo "2142"]
[BlackElo "2258"]
[PlyCount "98"]
[EventDate "2015.07.18"]
[EventType "swiss"]
[EventRounds "7"]
[EventCountry "ESP"]
[SourceTitle "EXT 2024"]
[Source "ChessBase"]
[SourceDate "2023.10.10"]
[SourceVersion "1"]
[SourceVersionDate "2023.10.10"]
[SourceQuality "1"]

1. g3 e5 2. Bg2 h5 3. h4 Bc5 4. d3 Nf6 5. Nc3 d5 6. Nh3 Nc6 7. Bg5 Be6 8. e4 d4 9. Ne2 Qd7 10. Bd2 Nh7 11. Ng5 Nxg5 12. hxg5 Be7 13. Ng1 g6 14. Nf3 a5 15. Nh4 0-0-0 16. a3 Rdg8 17. b4 a4 18. 0-0 f6 19. Qc1 Na7 20. gxf6 Bxf6 21. Bg5 Qe7 22. f4 Nb5 23. Qd2 Rh7 24. Kh2 exf4 25. gxf4 Bxg5 26. fxg5 Rf7 27. Rxf7 Bxf7 28. Qf4 c6 29. Rf1 Be6 30. Kh1 Kd7 31. Nf3 Rf8 32. Qe5 Bg4 33. Qg3 Bxf3 34. Rxf3 Rxf3 35. Bh3+ Ke8 36. Qxf3 Qxg5 37. Be6 Qe7 38. Bh3 Qe5 39. Qg2 Kf7 40. Qf2+ Kg7 41. Qh4 Nxa3 42. Qd8 Nxc2 43. Qd7+ Kh6 44. Qd8 a3 45. Qf8+ Kg5 46. Qd8+ Kf4 47. Qh4+ Ke3 48. Bf1 a2 49. Qh3+ Kd2 0-1

[Event "Mislata op-A"]
[Site "Mislata"]
[Date "2010.08.17"]
[Round "2"]
[White "Chueca Forcen, Alberto"]
[Black "Gimeno Martos, Roberto"]
[Result "1-0"]
[WhiteElo "2280"]
[BlackElo "2135"]
[PlyCount "123"]
[EventDate "2010.08.16"]
[EventType "swiss"]
[EventRounds "9"]
[EventCountry "ESP"]
[SourceTitle "CBM 138 Extra"]
[Source "ChessBase"]
[SourceDate "2010.10.29"]
[SourceVersion "1"]
[SourceVersionDate "2010.10.29"]
[SourceQuality "1"]

1. d4 Nf6 2. c4 g6 3. Nc3 d5 4. Nf3 Bg7 5. Qb3 dxc4 6. Qxc4 0-0 7. e4 Bg4 8. Be3 Nfd7 9. Qb3 Nb6 10. Rd1 Nc6 11. d5 Ne5 12. Be2 Nxf3+ 13. gxf3 Bh5 14. f4 Bxe2 15. Nxe2 Qd7 16. Bd4 Bxd4 17. Nxd4 Qa4 18. Qxa4 Nxa4 19. Rc1 Nxb2 20. Ke2 Rfc8 21. Rb1 Nc4 22. Rhc1 Nb6 23. Rc2 c6 24. dxc6 bxc6 25. Rbc1 c5 26. Rxc5 Rd8 27. Nc6 Rd7 28. Ke3 Kg7 29. Ne5 Rb7 30. Rc7 Rab8 31. Nd3 Na8 32. Rxb7 Rxb7 33. Rc6 e6 34. a4 Kf6 35. a5 Ke7 36. Rc8 Nb6 37. axb6 axb6 38. Nb4 h5 39. e5 Kd7 40. Rc6 Ke7 41. Rd6 Kf8 42. Nc6 b5 43. Rd8+ Kg7 44. Rb8 Rc7 45. Nd4 Rc3+ 46. Ke2 Rc4 47. Kd3 Rc1 48. Rxb5 Rd1+ 49. Ke3 Re1+ 50. Kf3 Rd1 51. Nc2 Rc1 52. Ne3 Rc7 53. Rb4 Ra7 54. Nc4 f6 55. Nd6 Ra3+ 56. Kg2 fxe5 57. fxe5 Ra5 58. Rb5 Ra4 59. Rb7+ Kh6 60. h3 g5 61. Re7 g4 62. h4 1-0

[Event "Benidorm Bali op-A"]
[Site "Benidorm"]
[Date "2003.11.24"]
[Round "5"]
[White "Rodriguez Gonzalez, Javier"]
[Black "Gimeno Martos, Roberto"]
[Result "1-0"]
[WhiteElo "2249"]
[BlackElo "2131"]
[PlyCount "79"]
[EventDate "2003.11.21"]
[EventType "swiss"]
[EventRounds "9"]
[EventCountry "ESP"]
[SourceTitle "CBM 097 Extra"]
[Source "ChessBase"]
[SourceDate "2004.01.13"]
[SourceVersion "1"]
[SourceVersionDate "2004.01.13"]
[SourceQuality "1"]

1. d4 Nf6 2. Bg5 g6 3. Bxf6 exf6 4. c4 Bg7 5. Nc3 0-0 6. e3 d6 7. Nge2 f5 8. g3 Nd7 9. Bg2 c6 10. 0-0 Nf6 11. Qd3 Re8 12. b4 Qe7 13. b5 Bd7 14. Rab1 Rab8 15. Rb3 cxb5 16. Nxb5 a6 17. Nbc3 Bc6 18. Nf4 Qd8 19. Ncd5 Nd7 20. Rfb1 h5 21. h4 Nf8 22. Nf6+ Bxf6 23. Bxc6 bxc6 24. Rxb8 Qxb8 25. Rxb8 Rxb8 26. Qc2 Rb4 27. Ne2 Ne6 28. a3 Rb6 29. Kg2 c5 30. Nc3 Rb8 31. Nd5 Bg7 32. Ne7+ Kh7 33. Nc6 Rb6 34. d5 Nc7 35. Qa4 Ne8 36. Nd8 Nf6 37. Nxf7 Ng4 38. Qe8 Rb7 39. Ng5+ Kh6 40. Qg8 1-0

[Event "Benidorm Bali op-A"]
[Site "Benidorm"]
[Date "2003.11.22"]
[Round "2"]
[White "Gimeno Martos, Roberto"]
[Black "Cano Gimenez, Vicente"]
[Result "0-1"]
[WhiteElo "2131"]
[BlackElo "2178"]
[PlyCount "56"]
[EventDate "2003.11.21"]
[EventType "swiss"]
[EventRounds "9"]
[EventCountry "ESP"]
[SourceTitle "CBM 097 Extra"]
[Source "ChessBase"]
[SourceDate "2004.01.13"]
[SourceVersion "1"]
[SourceVersionDate "2004.01.13"]
[SourceQuality "1"]

1. e4 c5 2. Nf3 Nc6 3. d3 g6 4. g3 Bg7 5. Bg2 d6 6. 0-0 e5 7. h4 Bg4 8. c3 Qd7 9. Kh2 Nge7 10. Be3 0-0 11. Qd2 f5 12. Ng1 f4 13. f3 fxe3 14. Qxe3 Be6 15. Nd2 b6 16. Nh3 h6 17. f4 Rae8 18. Rae1 Kh8 19. h5 exf4 20. gxf4 gxh5 21. f5 Nxf5 22. exf5 Bxf5 23. Qf3 Rxe1 24. Rxe1 Ne5 25. Qe2 Bxd3 26. Qd1 Qg4 27. Ne4 Nf3+ 28. Bxf3 Be5+ 0-1

[Event "Valencia-chA"]
[Site "Mislata"]
[Date "2003.??.??"]
[Round "7"]
[White "Bermejo Martinez, Jorge"]
[Black "Gimeno Martos, Roberto"]
[Result "0-1"]
[WhiteElo "2111"]
[BlackElo "2131"]
[PlyCount "54"]
[EventDate "2003.10.11"]
[EventType "swiss"]
[EventRounds "9"]
[EventCountry "ESP"]
[SourceTitle "CBM 097 Extra"]
[Source "ChessBase"]
[SourceDate "2004.01.13"]
[SourceVersion "1"]
[SourceVersionDate "2004.01.13"]
[SourceQuality "1"]

1. d4 Nf6 2. c4 g6 3. Nc3 Bg7 4. e4 d6 5. Be2 0-0 6. Nf3 e5 7. d5 a5 8. Nd2 Na6 9. h4 h5 10. Nf3 Ng4 11. Ng5 Nh6 12. f3 f5 13. exf5 gxf5 14. Be3 Qe7 15. Qc2 b6 16. 0-0-0 Nc5 17. Rhg1 Rf6 18. Kb1 f4 19. Bxc5 bxc5 20. Nce4 Rg6 21. Bd3 Nf5 22. Nxd6 Ne3 23. Nxc8 Rxc8 24. Qa4 Rb6 25. Rd2 e4 26. Bxe4 Qf6 27. Qa3 Nxc4 0-1

[Event "Mislata op 10th"]
[Site "Mislata"]
[Date "2001.08.25"]
[Round "6.17"]
[White "Ibanez Aullana, Jose Ramon"]
[Black "Gimeno Martos, Roberto"]
[Result "1-0"]
[WhiteElo "2268"]
[BlackElo "2097"]
[PlyCount "75"]
[EventDate "2001.08.20"]
[EventType "swiss"]
[EventRounds "9"]
[EventCountry "ESP"]
[SourceTitle "EXT 2002"]
[Source "ChessBase"]
[SourceDate "2001.11.25"]
[SourceVersion "1"]
[SourceVersionDate "2001.11.25"]
[SourceQuality "1"]

1. e4 c5 2. Nf3 d6 3. Bb5+ Bd7 4. Bxd7+ Qxd7 5. 0-0 e5 6. c3 Nf6 7. d4 Nc6 8. Na3 Be7 9. Bg5 a6 10. Nc4 Qc7 11. Bxf6 gxf6 12. dxc5 dxc5 13. Nh4 0-0 14. Nf5 Kh8 15. Qh5 Rg8 16. Rad1 Rg6 17. Rd3 Bf8 18. Rh3 h6 19. Nce3 Ne7 20. Nh4 Qd7 21. Nxg6+ fxg6 22. Qf3 Qe6 23. Ng4 Ng8 24. Rd1 Kg7 25. Rg3 Be7 26. h4 h5 27. Ne3 Kh7 28. Nf5 Nh6 29. Nxh6 Kxh6 30. Rd5 b6 31. Qd3 a5 32. Rd7 Rf8 33. Qd2+ Kg7 34. Qd5 Kf7 35. Rd3 c4 36. Rd1 f5 37. Qb7 Kf6 38. Rc7 1-0

[Event "Mislata op 10th"]
[Site "Mislata"]
[Date "2001.08.21"]
[Round "2.2"]
[White "Franco Ocampos, Zenon"]
[Black "Gimeno Martos, Roberto"]
[Result "1-0"]
[WhiteElo "2515"]
[BlackElo "2097"]
[PlyCount "91"]
[EventDate "2001.08.20"]
[EventType "swiss"]
[EventRounds "9"]
[EventCountry "ESP"]
[SourceTitle "EXT 2002"]
[Source "ChessBase"]
[SourceDate "2001.11.25"]
[SourceVersion "1"]
[SourceVersionDate "2001.11.25"]
[SourceQuality "1"]

1. c4 Nf6 2. Nc3 g6 3. e4 d6 4. d4 Bg7 5. Be2 0-0 6. Nf3 e5 7. d5 a5 8. Bg5 h6 9. Bh4 g5 10. Bg3 Nh5 11. Nd2 Nf4 12. 0-0 f5 13. exf5 Bxf5 14. Bg4 Bxg4 15. Qxg4 h5 16. Qd1 g4 17. Nde4 Nd7 18. f3 gxf3 19. Rxf3 h4 20. Bf2 Bh6 21. g3 Nh3+ 22. Kg2 Nxf2 23. Nxf2 Rxf3 24. Qxf3 Qg5 25. Nce4 Qg6 26. Qg4 Qxg4 27. Nxg4 Bg7 28. gxh4 Rf8 29. Rf1 Rxf1 30. Kxf1 Kf7 31. Ke2 Kg6 32. Kf3 Kh5 33. Ng3+ Kg6 34. h5+ Kh7 35. Ne4 b6 36. Ng5+ Kg8 37. b3 Nc5 38. h6 Bh8 39. Nf2 Bf6 40. h4 Be7 41. Kg4 Kh8 42. Kf5 Kg8 43. Kg6 Bxg5 44. hxg5 Nd7 45. Ne4 Nf8+ 46. Kf5 1-0